krakowska piurka dwa dwa - Statystyki

Ogólne statystyki
  • Ten quiz został rozwiązany 20 razy
  • Średni wynik to 10 z 20
Statystyki odpowiedzi
Hint Odpowiedź % Poprawnych
Polska Izba Spedycji i Logistyki PISiL
100%
Uniwersalna Organizacja Frachtowa UFO
100%
Międzynarodowe Zrzeszenie Spedytorów FIATA
78%
Międzynarodowe Zrzeszenie Przewoźników Powietrznych IATA
78%
Międzynarodowa Unia Transportu Drogowego IRU
67%
Europejska Federacja Spedytorów CLECAT
56%
Międzynarodowy Komitet Morski CMI
56%
Międzynarodowa Izba Handlowa ICC
56%
Europejskie Stowarzyszenie Wolnego Handlu EFTA
33%
Europejski Związek Pracodawców Producentów Europalet EPAL
33%
Europejska Organizacja ds. Bezpieczeństwa Żeglugi Powietrznej EUROCONTROL
33%
Międzynarodowa Organizacja Lotnictwa Cywilnego ICAO
33%
Międzynarodowa Izba Żeglugowa ICS
33%
Międzynarodowa Organizacja Morska IMO
33%
Międzyrządowa Organizacja Międzynarodowych Przewozów Kolejami OTIF
33%
Międzynarodowa Unia Kolejowa UIC
33%
Międzynarodowy Związek Towarzystw Przewozów Szynowo - Drogowych UIRR
33%
Światowa Organizacja Celna WCO
33%
Światowa Organizacja Handlu WTO
33%
Związek Międzynarodowych Przewoźników Drogowych ZMPD
33%
Nie znaleziono quizów pasujących do podanych kryteriów
Rozkład punktacji
Procent ludzi z każdym wynikiem
Percentyl według liczby udzielonych odpowiedzi
Twoja historia wyników
Nie rozwiązałeś tego quizu